European Countries "Hangman" - Randomized - Statistics

General Stats
  • This quiz has been taken 21,449 times
  • The average score is 5 of 7
Answer Stats
Spelling % Correct
A
98%
A
97%
A
97%
A
97%
A
97%
A
97%
A
97%
A
96%
A
96%
A
96%
A
96%
A
96%
A
96%
A
96%
A
96%
A
95%
A
95%
A
95%
A
95%
A
95%
A
93%
I
91%
I
91%
N
91%
E
90%
O
90%
E
89%
B
88%
E
88%
E
88%
L
88%
N
88%
E
87%
S
87%
T
85%
E
83%
I
83%
N
83%
O
83%
R
83%
R
83%
R
83%
E
82%
E
81%
I
81%
I
80%
D
79%
N
79%
I
78%
L
78%
L
78%
N
78%
O
78%
I
77%
R
77%
S
77%
I
76%
I
76%
L
76%
N
76%
R
76%
D
75%
M
75%
R
73%
R
73%
B
72%
I
72%
R
72%
U
72%
N
71%
D
70%
L
69%
N
69%
R
69%
S
69%
T
68%
U
68%
N
67%
N
67%
C
66%
O
66%
N
65%
L
64%
O
63%
O
63%
U
63%
B
62%
F
62%
G
62%
M
62%
T
62%
R
61%
C
60%
D
60%
U
60%
G
59%
M
59%
K
58%
M
58%
Y
58%
L
54%
D
51%
N
51%
M
50%
K
49%
D
45%
R
43%
U
43%
V
43%
G
33%
H
30%
Y
26%
No matching quizzes found
Score Distribution
Percent of People with Each Score
Percentile by Number Answered
Your Score History
You have not taken this quiz